000 00595nam a22002177a 4500
001 sjds
003 sjds
005 20250228080530.0
008 220705b mx ||||| |||| 00| 0 spa d
020 _a9686181091
020 _a9789686181098
040 _csjds
041 _aspa
100 1 0 _aJordana, Jose Luis
245 _aCuando los animales hablaban /
_cJose Luis Jordana ; [ilustraciones Margarita Puncel].
260 _aMexico :
_bGondomar, D.L.
_c1987.
300 _a109 p. :
_b il. col. ;
_c 25 cm.
440 _aMitos y leyendas,
_n 7
700 _aPuncel, Margarita
942 _cBK
999 _c27208
_d27208